[Event "Santiago Honour Series"]
[Site "Santiago de Chile"]
[Date "2016.08.29"]
[Round "1.4"]
[White "Cuevas Araya, Walter"]
[Black "Pereira Cid, Fabian"]
[Result "0-1"]
[WhiteElo "2192"]
[BlackElo "1928"]
[PlyCount "48"]
[EventDate "2016.08.29"]
[EventType "swiss"]
[EventRounds "7"]
[EventCountry "CHI"]
[SourceTitle "EXT 2024"]
[Source "ChessBase"]
[SourceDate "2023.10.10"]
[SourceVersion "1"]
[SourceVersionDate "2023.10.10"]
[SourceQuality "1"]

1. e4 e6 2. d4 d5 3. Nd2 Nf6 4. e5 Nfd7 5. Bd3 c5 6. c3 Nc6 7. Ne2 cxd4 8. cxd4 f6 9. Nf4 Nxd4 10. Qh5+ Ke7 11. Ng6+ hxg6 12. exf6+ Nxf6 13. Qxh8 Kf7 14. Qh4 e5 15. 0-0 e4 16. Bb1 Be7 17. f3 Nf5 18. Qe1 Bc5+ 19. Kh1 e3 20. Nb3 e2 21. Nxc5 exf1Q+ 22. Qxf1 Qb6 23. Nb3 Be6 24. Bd3 Ng3+ 0-1

[Event "Santiago de Chile op"]
[Site "Santiago de Chile"]
[Date "2011.09.12"]
[Round "3"]
[White "Pereira Cid, Fabian"]
[Black "Bombardiere Rosas, Eduardo"]
[Result "0-1"]
[WhiteElo "1996"]
[BlackElo "2172"]
[PlyCount "38"]
[EventDate "2011.09.07"]
[EventType "swiss"]
[EventRounds "9"]
[EventCountry "CHI"]
[SourceTitle "EXT 2012"]
[Source "ChessBase"]
[SourceDate "2011.11.24"]
[SourceVersion "1"]
[SourceVersionDate "2011.11.24"]
[SourceQuality "1"]

1. e4 c6 2. d4 d5 3. e5 Bf5 4. Nc3 e6 5. g4 Bg6 6. Nge2 Be7 7. Nf4 Bg5 8. Be3 Bxf4 9. Bxf4 h5 10. h4 Nd7 11. Qe2 hxg4 12. Qxg4 Rh7 13. Kd2 Qb6 14. Be3 Qxb2 15. Bd3 Bxd3 16. Kxd3 Qa3 17. Rab1 b5 18. Rb3 Qa6 19. Kd2 Nb6 0-1

[Event "Santiago de Chile op"]
[Site "Santiago de Chile"]
[Date "2011.09.09"]
[Round "2"]
[White "Matamala, Emiliano"]
[Black "Pereira Cid, Fabian"]
[Result "0-1"]
[WhiteElo "1808"]
[BlackElo "1996"]
[PlyCount "92"]
[EventDate "2011.09.07"]
[EventType "swiss"]
[EventRounds "9"]
[EventCountry "CHI"]
[SourceTitle "EXT 2012"]
[Source "ChessBase"]
[SourceDate "2011.11.24"]
[SourceVersion "1"]
[SourceVersionDate "2011.11.24"]
[SourceQuality "1"]

1. f4 d5 2. Nf3 e6 3. e3 Nf6 4. b3 Be7 5. Bb2 c5 6. Bb5+ Bd7 7. Bd3 Nc6 8. Bb5 Nb8 9. Bd3 a6 10. a4 Nc6 11. 0-0 0-0 12. Ng5 h6 13. h4 Nb4 14. Na3 Nxd3 15. cxd3 Rc8 16. Rc1 b5 17. axb5 axb5 18. Be5 b4 19. Nc2 Bb5 20. Ne1 Qb6 21. Bb2 Qa6 22. Ra1 Qb6 23. Rf3 Ra8 24. Rg3 Rxa1 25. Bxa1 Qa6 26. e4 d4 27. Bb2 Qa2 28. Bc1 Ra8 29. e5 Ne8 30. Qh5 hxg5 31. hxg5 g6 32. Qh4 Bf8 33. Rh3 Bg7 34. Nf3 Qb1 35. Qh7+ Kf8 36. Nh4 Qxc1+ 37. Kh2 Ra1 38. Nxg6+ fxg6 39. Qxg6 Qg1+ 40. Kg3 Bc6 41. Rh2 Rf1 42. Qxe6 Qf2+ 43. Kh3 Qxf4 44. Qxc6 Bxe5 45. Qh6+ Ng7 46. Qh8+ Ke7 0-1

[Event "Santiago Endesa Classification"]
[Site "Santiago de Chile"]
[Date "2010.10.15"]
[Round "4"]
[White "Cuevas Araya, Walter"]
[Black "Pereira Cid, Fabian"]
[Result "1-0"]
[WhiteElo "2213"]
[BlackElo "1993"]
[PlyCount "61"]
[EventDate "2010.10.06"]
[EventType "swiss"]
[EventRounds "9"]
[EventCountry "CHI"]
[SourceTitle "EXT 2012"]
[Source "ChessBase"]
[SourceDate "2011.11.24"]
[SourceVersion "1"]
[SourceVersionDate "2011.11.24"]
[SourceQuality "1"]

1. d4 d5 2. c4 c6 3. Nf3 Nf6 4. Nc3 dxc4 5. a4 Bf5 6. e3 e6 7. Bxc4 Bb4 8. 0-0 0-0 9. Qe2 Bxc3 10. bxc3 Nbd7 11. Nd2 e5 12. e4 Bg6 13. a5 Re8 14. f3 b6 15. Nb3 Qc7 16. Be3 h6 17. Qf2 b5 18. Be2 a6 19. Rfd1 Rac8 20. Qh4 exd4 21. cxd4 Nxe4 22. fxe4 Rxe4 23. Qf2 Rce8 24. Rd3 R4e7 25. Rf1 Bxd3 26. Bxd3 Nf6 27. Bf4 Qd8 28. Bxh6 Ng4 29. Qf5 Nf6 30. Bxg7 Re1 31. Bxf6 1-0